000
00321nam a2200133Ia 4500
008
130318s9999 xx 000 0 und d
020
_a
8126502908
082
_a
006.7 MAC/S
100
_a
Mack Steve
245
_a
Streaming multimedia Bible
260
_b
Wiley
_a
New Delhi
_c
2002
300
_a
869
_e
1 CD
650
_a
MULTIMEDIA
999
_c
624
_d
624